| 000 | 00497nam a2200145Ia 4500 | ||
|---|---|---|---|
| 008 | 220217s9999 xx 000 0 und d | ||
| 245 | 0 | _aStandard reference elastomers. Acrylonitrile-butadiene rubber (NBR), cross-linked by peroxide, for characterizing liquids with regard to their effect on NBR. | |
| 260 | _c1981 | ||
| 500 | _aStandard number: DIN 53 538 Part 1 | ||
| 650 | _aAcrylonitrile butadiene rubber | ||
| 650 | _aElastomers | ||
| 650 | _aNBR | ||
| 650 | _aPeroxide cure | ||
| 942 | _cST | ||
| 999 |
_c73341 _d73341 |
||